[Event "Karpos Open 2013"]
[Site "Skopje MKD"]
[Date "2013.03.14"]
[Round "7.55"]
[White "Spirliadis, Achileas"]
[Black "Videnova, Iva"]
[Result "1/2-1/2"]
[BlackTitle "WGM"]
[WhiteElo "2076"]
[BlackElo "2329"]
[WhiteFideId "4215770"]
[BlackFideId "2907763"]
[EventDate "2013.03.09"]

1. d4 Nf6 2. c4 g6 3. Nc3 d5 4. cxd5 Nxd5 5. Qb3 Nb6 6. Nf3 Bg7 7. Bf4 Be6 8.
Qc2 Nc6 9. e3 Nb4 10. Qd1 O-O 11. Be2 a5 12. O-O N4d5 13. Bg3 Nxc3 14. bxc3 c5
15. Ng5 Bc4 16. Ne4 cxd4 17. cxd4 Bxe2 18. Qxe2 Qd5 19. Qf3 f5 20. Nc5 Qxf3 21.
gxf3 Nd5 22. Ne6 Rfc8 23. Nxg7 Kxg7 24. Be5+ Kf7 25. Rfb1 Ra7 26. Rc1 Nc3 27.
Kg2 Raa8 28. Rc2 b5 29. Rac1 b4 30. d5 Rd8 31. Bxc3 bxc3 32. e4 Rdb8 33. Rxc3
Rb2 34. R1c2 Rab8 35. Rxb2 Rxb2 36. Ra3 Rb5 37. Rc3 Rb4 38. e5 Rd4 39. Rc5 a4
40. Ra5 g5 41. Kg3 h5 42. Kg2 Rd2 43. d6 exd6 44. exd6 Ke6 45. Rxa4 Rxd6 46. f4
g4 47. Rb4 Rd3 48. Rb3 Rd2 49. a3 h4 50. Re3+ Kf6 51. Rb3 Ke6 1/2-1/2

[Event "Karpos Open 2013"]
[Site "Skopje MKD"]
[Date "2013.03.14"]
[Round "7.56"]
[White "Ben Artzi, Ido"]
[Black "Krstev, Emil"]
[Result "1-0"]
[WhiteElo "2307"]
[BlackElo "2126"]
[WhiteFideId "2810913"]
[BlackFideId "15000958"]
[EventDate "2013.03.09"]

1. Nf3 f5 2. g3 g6 3. Bg2 Bg7 4. d4 Nc6 5. O-O d6 6. c4 Nf6 7. Nc3 O-O 8. b3 Ne4
9. Bb2 Nxc3 10. Bxc3 e5 11. dxe5 dxe5 12. Qd5+ Kh8 13. Qxd8 Rxd8 14. Ng5 Re8 15.
Bxc6 bxc6 16. Rad1 e4 17. Bxg7+ Kxg7 18. Nh3 h6 19. e3 g5 20. Kg2 Be6 21. Ng1 a5
22. Ne2 a4 23. Nd4 axb3 24. axb3 Rab8 25. Ra1 c5 26. Nxe6+ Rxe6 27. Ra5 Rc6 28.
Rd1 Rxb3 29. Rd5 f4 30. gxf4 gxf4 31. exf4 Rg6+ 32. Kf1 Rb1+ 33. Ke2 Rgg1 34.
Raxc5 Rge1+ 35. Kd2 Rbd1+ 36. Kc3 e3 37. Rxc7+ Kf6 38. Rc6+ Ke7 39. fxe3 Rxe3+
40. Kb4 Rxd5 41. cxd5 Rh3 42. Kc5 Rxh2 43. Rc7+ Ke8 44. Kd6 Rf2 45. Ke6 Re2+ 46.
Kf6 Rd2 47. Rh7 Rxd5 48. Ke6 1-0

[Event "Karpos Open 2013"]
[Site "Skopje MKD"]
[Date "2013.03.14"]
[Round "7.58"]
[White "Hadzi - Manev, Ljubomir"]
[Black "Rudolf, Anna"]
[Result "0-1"]
[WhiteTitle "FM"]
[BlackTitle "WGM"]
[WhiteElo "2071"]
[BlackElo "2292"]
[WhiteFideId "15000443"]
[BlackFideId "722855"]
[EventDate "2013.03.09"]

1. b3 Nf6 2. Bb2 g6 3. Bxf6 exf6 4. c4 d5 5. cxd5 Qxd5 6. Nc3 Qa5 7. g3 Bg7 8.
Bg2 f5 9. Rc1 O-O 10. Qc2 c6 11. Nh3 Na6 12. O-O Nb4 13. Qb1 Bd7 14. e3 Rac8 15.
Nf4 Rfd8 16. d4 g5 17. Nd3 b6 18. Rfd1 Nxd3 19. Rxd3 Be6 20. Rcd1 c5 21. d5 Bd7
22. Qc2 c4 23. bxc4 Rxc4 24. Rc1 Rdc8 0-1

[Event "Karpos Open 2013"]
[Site "Skopje MKD"]
[Date "2013.03.14"]
[Round "7.59"]
[White "Mihajlovski, Petre"]
[Black "Goksel, Doga Cihan"]
[Result "0-1"]
[WhiteElo "2012"]
[BlackElo "2260"]
[WhiteFideId "15003051"]
[BlackFideId "6301924"]
[EventDate "2013.03.09"]

1. d4 Nf6 2. Nf3 g6 3. Bg5 Bg7 4. e3 O-O 5. Bd3 d6 6. Nbd2 Nbd7 7. O-O e5 8. c3
Qe7 9. Qc2 Re8 10. e4 h6 11. Bh4 g5 12. Bg3 Nh5 13. Rfe1 Nf4 14. Bc4 c6 15. a4
Qf6 16. d5 Nf8 17. h3 N8g6 18. Qb3 Re7 19. Nh2 h5 20. f3 Bh6 21. Bf1 Kh8 22. Bf2
g4 23. hxg4 Nxg2 24. Bxg2 Bxd2 25. Re2 Bh6 26. c4 0-1

[Event "Karpos Open 2013"]
[Site "Skopje MKD"]
[Date "2013.03.14"]
[Round "7.60"]
[White "Klemencic, Gorazd"]
[Black "Ilic, Slobodan S"]
[Result "0-1"]
[WhiteElo "2225"]
[BlackElo "2109"]
[WhiteFideId "14600820"]
[BlackFideId "912883"]
[EventDate "2013.03.09"]

1. d4 Nf6 2. Nf3 e6 3. Nbd2 d5 4. e3 Be7 5. c4 O-O 6. b3 b6 7. Bb2 Bb7 8. Bd3
Nbd7 9. Rc1 c5 10. Qe2 Rc8 11. O-O Rc7 12. Ne5 cxd4 13. exd4 Qa8 14. f4 dxc4 15.
bxc4 Rd8 16. a3 Nf8 17. Rce1 Ne8 18. Qh5 g6 19. Qh3 Bf6 20. g4 Bg7 21. Qg3 f6
22. Nef3 Rcd7 23. h4 Qb8 24. Qh2 f5 25. Ne5 Bxe5 26. fxe5 Rxd4 27. Bxd4 Rxd4 28.
Bxf5 gxf5 29. Rf4 Rxf4 30. Qxf4 Ng7 31. gxf5 exf5 32. Nf3 Nfe6 33. Qg3 Qe8 34.
Rd1 Qc6 35. Rd3 Qxc4 36. Ng5 f4 37. Qh3 Qc5+ 38. Kf1 Ba6 0-1

[Event "Karpos Open 2013"]
[Site "Skopje MKD"]
[Date "2013.03.14"]
[Round "7.61"]
[White "Ioannidis, Evgenios"]
[Black "Koksal, Ege"]
[Result "1/2-1/2"]
[WhiteTitle "FM"]
[BlackTitle "CM"]
[WhiteElo "2001"]
[BlackElo "2220"]
[WhiteFideId "4229274"]
[BlackFideId "6317626"]
[EventDate "2013.03.09"]

1. d4 Nf6 2. c4 e6 3. Nc3 Bb4 4. e3 O-O 5. Bd3 c5 6. a3 Bxc3+ 7. bxc3 b6 8. Ne2
Nc6 9. Ng3 Ba6 10. O-O Rc8 11. e4 d6 12. Be3 cxd4 13. cxd4 Na5 14. e5 dxe5 15.
dxe5 Ne8 16. Qb1 f5 17. exf6 Nxf6 18. Rd1 Qc7 19. Ne4 Ng4 20. Ng3 h6 21. c5 Nxe3
22. cxb6 Qf4 23. fxe3 Qxe3+ 24. Kh1 Bxd3 25. Rxd3 Qxb6 26. Qxb6 axb6 27. Rd6 Rc6
28. Rxc6 Nxc6 29. Rb1 Rb8 30. Ne4 b5 31. Nd6 Nd4 32. h3 Kf8 33. Rb4 Nc2 34. Rxb5
Ra8 35. Re5 Ke7 36. Nb5 Ra5 37. Re2 Nxa3 38. Nd4 Ra6 39. Ra2 Rd6 40. Nxe6 Kxe6
41. Rxa3 Kf5 42. Ra5+ Ke4 43. Ra4+ Ke3 44. Ra3+ Rd3 45. Rxd3+ Kxd3 46. Kh2 Ke3
47. Kh1 Kf2 48. Kh2 h5 49. Kh1 g5 50. Kh2 Kf1 51. Kh1 1/2-1/2

[Event "Karpos Open 2013"]
[Site "Skopje MKD"]
[Date "2013.03.14"]
[Round "7.63"]
[White "Jankov, Dejan"]
[Black "Anastasovski, Nikola"]
[Result "1-0"]
[WhiteElo "2207"]
[BlackElo "2065"]
[WhiteFideId "15000931"]
[BlackFideId "2605503"]
[EventDate "2013.03.09"]

1. c4 c5 2. Nc3 Nc6 3. e4 e5 4. g3 g6 5. Bg2 Bg7 6. Nge2 d6 7. d3 Be6 8. O-O Qd7
9. Nd5 h6 10. Be3 Nge7 11. Qd2 f5 12. f4 Nd4 13. Nec3 exf4 14. Nxf4 Bf7 15. Rae1
O-O-O 16. Kh1 Kb8 17. a3 Nec6 18. b4 g5 19. Nfd5 Be6 20. Rb1 f4 21. gxf4 Bh3 22.
f5 Bxg2+ 23. Qxg2 Be5 24. Rb2 Rdf8 25. Rfb1 Nd8 26. a4 Rhg8 27. a5 Rf7 28. bxc5
dxc5 29. a6 b6 30. Nxb6 axb6 31. Rxb6+ Kc8 32. Nb5 N8c6 33. Rb7 Qe8 34. Bxd4
cxd4 35. a7 Kxb7 36. Nd6+ Ka8 37. Nxe8 Rxe8 38. Qb2 Rxa7 39. Qb5 Rc8 40. Qd5 Rb7
41. Ra1+ Ra7 42. Rxa7+ Kxa7 43. f6 Kb6 44. Qe6 Rf8 45. f7 h5 46. Kg2 g4 47. Qe8
Bd6 48. e5 Nxe5 49. Qb5+ Kc7 50. c5 Be7 51. Qb6+ Kd7 52. Qb7+ Ke6 53. c6 Nxc6
54. Qxc6+ Kxf7 55. Qd5+ Kg6 56. Qxd4 Bf6 57. Qe4+ Kg5 58. Qe3+ Kg6 59. d4 Rd8
60. Qe4+ Kg5 61. d5 h4 62. Qe3+ Kg6 63. Qe6 Kg5 64. d6 Rh8 65. d7 Rd8 66. Kf2
g3+ 67. hxg3 hxg3+ 68. Kxg3 Kg6 69. Kg4 Rb8 70. Qe8+ 1-0

[Event "Karpos Open 2013"]
[Site "Skopje MKD"]
[Date "2013.03.14"]
[Round "7.64"]
[White "Jovanovic, Bojan P"]
[Black "Velikic, Adela"]
[Result "1/2-1/2"]
[WhiteElo "2198"]
[BlackElo "1990"]
[WhiteFideId "900710"]
[BlackFideId "913553"]
[EventDate "2013.03.09"]

1. d4 Nf6 2. c4 c5 3. d5 b5 4. cxb5 a6 5. bxa6 g6 6. Nc3 Bxa6 7. e4 Bxf1 8. Kxf1
d6 9. g3 Bg7 10. Kg2 O-O 11. Nf3 Nbd7 12. a4 Qb6 13. Ra3 Rfb8 14. h3 Ne8 15. Qc2
Nc7 16. Nd2 Qa6 17. Re1 Ne5 18. Na2 e6 19. f4 Nd7 20. dxe6 Nxe6 21. Nc4 Nd4 22.
Qd3 Qc6 23. Nc3 Nb6 24. Nxb6 Rxb6 25. Nd5 Rb7 26. b3 Qa6 27. Qd1 Rab8 28. Re3
Rxb3 29. Raxb3 Rxb3 30. Rxb3 Nxb3 31. Qxb3 Qe2+ 32. Kg1 Qe1+ 33. Kg2 Qe2+ 34.
Kg1 1/2-1/2

[Event "Karpos Open 2013"]
[Site "Skopje MKD"]
[Date "2013.03.14"]
[Round "7.66"]
[White "Cherednichenko, Elena"]
[Black "Dizdarevic, Barbara"]
[Result "1-0"]
[WhiteTitle "WFM"]
[WhiteElo "2175"]
[BlackElo "1981"]
[WhiteFideId "14105560"]
[BlackFideId "938572"]
[EventDate "2013.03.09"]

1. d4 Nf6 2. Nf3 g6 3. Nc3 d5 4. Bf4 Bg7 5. e3 O-O 6. Be2 Nbd7 7. h4 c6 8. Qd2
Ne4 9. Nxe4 dxe4 10. Ng5 Nf6 11. Be5 Bf5 12. c3 Bh6 13. Qc2 Qd5 14. b3 Nd7 15.
Bc7 c5 16. g4 cxd4 17. cxd4 Bxg5 18. gxf5 Bf6 19. fxg6 hxg6 20. Bc4 Qf5 21. Qe2
a6 22. b4 Rac8 23. Bg3 b5 24. Bb3 Rc3 25. h5 g5 26. h6 Kh7 27. Qh5 e6 28. Bd6
Bxd4 29. exd4 Rfc8 30. Bd1 e3 31. f4 Rc1 32. Rxc1 Rxc1 33. O-O g4 34. Qxg4 Qxg4+
35. Bxg4 Rc2 36. f5 e5 37. f6 Rc6 38. dxe5 Nb6 39. Bc5 Kxh6 40. Bxe3+ Kg6 41.
Bf5+ Kh5 42. Kg2 1-0

[Event "Karpos Open 2013"]
[Site "Skopje MKD"]
[Date "2013.03.14"]
[Round "7.67"]
[White "Menzi, Nezihe Ezgi"]
[Black "Mitkovski, Zarko"]
[Result "1-0"]
[WhiteElo "1889"]
[BlackElo "2170"]
[WhiteFideId "6310060"]
[BlackFideId "15000150"]
[EventDate "2013.03.09"]

1. e4 c5 2. Nf3 g6 3. c3 d5 4. exd5 Qxd5 5. d4 Nc6 6. dxc5 Qxd1+ 7. Kxd1 Bg4 8.
Be2 O-O-O+ 9. Nbd2 Bh6 10. h3 Bf5 11. Bc4 f6 12. Re1 e5 13. g4 Bd3 14. Bxd3 Rxd3
15. Kc2 Bxd2 16. Kxd3 Bxe1 17. Nxe1 Nge7 18. Be3 h5 19. Nf3 hxg4 20. hxg4 Rh3
21. Ke2 e4 22. Nd4 Ne5 23. Nb5 Nd5 24. Bd4 Nf4+ 25. Kd2 Nc4+ 26. Kc2 a6 27. Nd6+
Nxd6 28. cxd6 Rf3 29. Rh1 Nh3 30. c4 Kd7 31. c5 f5 32. gxf5 gxf5 33. Rh2 f4 34.
Rg2 Rd3 35. Rg7+ Kd8 36. Bf6+ Kc8 37. Rc7+ Kb8 38. Be5 1-0

[Event "Karpos Open 2013"]
[Site "Skopje MKD"]
[Date "2013.03.14"]
[Round "7.69"]
[White "Stamnov, Aleksander"]
[Black "Peev, Kosta"]
[Result "1-0"]
[WhiteTitle "FM"]
[WhiteElo "2156"]
[BlackElo "1648"]
[WhiteFideId "15000664"]
[BlackFideId "15001660"]
[EventDate "2013.03.09"]

1. e4 c5 2. Nc3 Nc6 3. f4 g6 4. Nf3 Bg7 5. Bb5 a6 6. Bxc6 bxc6 7. d3 Rb8 8. O-O
d5 9. Qe1 e6 10. f5 Ne7 11. fxg6 hxg6 12. Qg3 Rb7 13. Ng5 Ng8 14. Kh1 e5 15. b3
Qd6 16. Ba3 Nh6 17. Na4 Rb5 18. c4 Ra5 19. h3 f6 20. Nf3 g5 21. Nh2 Nf7 22. Qe1
Rxa4 23. bxa4 g4 24. h4 g3 25. Qxg3 Bh6 26. Qg6 Bf4 27. g3 Rh6 28. Qg8+ Ke7 29.
gxf4 Bh3 30. fxe5 Qxe5 31. Bxc5+ 1-0

[Event "Karpos Open 2013"]
[Site "Skopje MKD"]
[Date "2013.03.14"]
[Round "7.72"]
[White "Stanojoski, Zvonko"]
[Black "Soilemetzidis, Konstantinos"]
[Result "1-0"]
[WhiteTitle "GM"]
[WhiteElo "2413"]
[BlackElo "1947"]
[WhiteFideId "15000257"]
[BlackFideId "4211090"]
[EventDate "2013.03.09"]

1. e4 c5 2. Nc3 e6 3. f4 a6 4. a4 Nc6 5. Nf3 d5 6. e5 Nge7 7. g3 Nf5 8. Bg2 Be7
9. O-O Ncd4 10. Ne2 Nxf3+ 11. Bxf3 Nd4 12. Bg2 h5 13. d3 Bd7 14. c3 Nf5 15. h3
Rb8 16. Kh2 Bc6 17. d4 b5 18. dxc5 Bxc5 19. b4 Be3 20. a5 Ba8 21. Qd3 d4 22.
Bxa8 Rxa8 23. Bxe3 Nxe3 24. Rf3 Qd5 25. Nxd4 Ng4+ 26. Kg1 Rd8 27. Re1 Rc8 28.
Qe4 Qxe4 29. Rxe4 Nh6 30. Nb3 Nf5 31. Nc5 Rc6 32. Re2 Ne7 33. Rd2 Nd5 34. f5 Ne7
35. fxe6 fxe6 36. Rdf2 1-0

[Event "Karpos Open 2013"]
[Site "Skopje MKD"]
[Date "2013.03.14"]
[Round "7.73"]
[White "Vucinic, Gojko"]
[Black "Gonzalez Espana, Maria Gabriela"]
[Result "1-0"]
[WhiteElo "2253"]
[BlackElo "1958"]
[WhiteFideId "945374"]
[BlackFideId "22273417"]
[EventDate "2013.03.09"]

1. e4 c5 2. Nf3 Nc6 3. d4 cxd4 4. Nxd4 g6 5. c4 Bg7 6. Be3 Nf6 7. Nc3 O-O 8. Be2
d6 9. O-O a5 10. Rb1 Nd7 11. b3 Nc5 12. Qd2 Be6 13. Kh1 Qb6 14. Na4 Qb4 15. Nxc6
bxc6 16. Qxb4 axb4 17. Nxc5 dxc5 18. Bxc5 Rxa2 19. Bf3 Rb8 20. Bxe7 Bd4 21. Bd6
Rb6 22. Kg1 c5 23. Bf4 f6 24. Rbd1 1-0

[Event "Karpos Open 2013"]
[Site "Skopje MKD"]
[Date "2013.03.14"]
[Round "7.74"]
[White "Sorgic, Dragan"]
[Black "Lazov, Toni"]
[Result "1-0"]
[WhiteTitle "FM"]
[WhiteElo "2232"]
[BlackElo "1927"]
[WhiteFideId "909360"]
[BlackFideId "15000770"]
[EventDate "2013.03.09"]

1. e4 c5 2. Nf3 d6 3. d4 cxd4 4. Nxd4 Nf6 5. Nc3 a6 6. Be3 e5 7. Nb3 Be6 8. h3
Be7 9. Qf3 Nbd7 10. O-O-O b5 11. g4 O-O 12. g5 Ne8 13. Qg2 Nb6 14. f4 exf4 15.
Bxf4 Rc8 16. Nd5 Nxd5 17. exd5 Bf5 18. Bd3 Bxd3 19. Rxd3 Rc4 20. Nd4 Nc7 21. b3
Rc5 22. Nc6 Qd7 23. Qg4 Qe8 24. Re1 Nxd5 25. Nxe7+ Nxe7 26. Bxd6 Qc6 27. Bxe7
Rxc2+ 28. Kb1 Re8 29. Qd7 Qxd7 30. Rxd7 h6 1-0

[Event "Karpos Open 2013"]
[Site "Skopje MKD"]
[Date "2013.03.14"]
[Round "7.75"]
[White "Dimov, Daniel"]
[Black "Alishani, Ibrahim"]
[Result "0-1"]
[WhiteElo "2003"]
[BlackElo "2167"]
[WhiteFideId "15001288"]
[BlackFideId "939609"]
[EventDate "2013.03.09"]

1. e4 c5 2. Nf3 d6 3. d4 cxd4 4. Nxd4 Nf6 5. Nc3 a6 6. Be2 e6 7. Bg5 Be7 8. Qd2
b5 9. a3 Bb7 10. f3 Nbd7 11. O-O h6 12. Be3 O-O 13. Bd3 Rc8 14. h3 Qc7 15. Rae1
Nb6 16. Qf2 Nc4 17. Bc1 Nd7 18. Nce2 Nce5 19. Qg3 Kh7 20. Nf4 Nc5 21. b4 Nexd3
22. cxd3 Bf6 23. Be3 Nd7 24. Ndxe6 fxe6 25. Qg6+ Kh8 26. Nxe6 Ne5 27. Qf5 Qf7
28. Nxf8 Rxf8 29. Qf4 Nxd3 30. Qxd6 Nxe1 31. Rxe1 Rd8 32. Qb6 Rd3 33. f4 Rxe3
34. e5 0-1

[Event "Karpos Open 2013"]
[Site "Skopje MKD"]
[Date "2013.03.14"]
[Round "7.76"]
[White "Glavinac, Goran"]
[Black "Zdravkovic, Dragan S"]
[Result "1-0"]
[WhiteElo "2159"]
[BlackElo "1913"]
[WhiteFideId "15001881"]
[BlackFideId "912867"]
[EventDate "2013.03.09"]

1. d4 Nf6 2. c4 c5 3. d5 e6 4. Nc3 exd5 5. cxd5 d6 6. e4 a6 7. a4 g6 8. Bd3 Bg7
9. h3 O-O 10. Nf3 Nbd7 11. O-O Re8 12. Bf4 Qc7 13. Re1 Nh5 14. Bh2 Ne5 15. Be2
Nf6 16. Nd2 c4 17. Bxe5 Rxe5 18. Nxc4 Re8 19. Bf1 Rb8 20. a5 Nd7 21. Rc1 b5 22.
axb6 Nxb6 23. Na5 Nxd5 24. exd5 Rxe1 25. Qxe1 Qxa5 26. Qe8+ Bf8 27. Ne4 Kg7 28.
Rxc8 Rxc8 29. Qxc8 Qxd5 30. Qc3+ Kh6 31. Qd2+ Qxd2 32. Nxd2 1-0

[Event "Karpos Open 2013"]
[Site "Skopje MKD"]
[Date "2013.03.14"]
[Round "7.77"]
[White "Milutinovic, Stefana"]
[Black "Krstevski, Vlatko"]
[Result "1-0"]
[WhiteElo "2000"]
[BlackElo "2154"]
[WhiteFideId "942456"]
[BlackFideId "15001237"]
[EventDate "2013.03.09"]

1. d4 g6 2. c4 Nf6 3. Nc3 Bg7 4. e4 d6 5. Nf3 O-O 6. Be2 b6 7. O-O c5 8. d5 Nbd7
9. h3 h6 10. Bf4 Nh7 11. Qd2 g5 12. Bg3 Ne5 13. Nxe5 dxe5 14. Rad1 Bd7 15. a3
Qe8 16. Qe3 a5 17. d6 e6 18. Nb5 Bxb5 19. cxb5 f5 20. Qb3 f4 21. Bh2 Rd8 22. f3
h5 23. Kh1 Rf6 24. Bg1 Bf8 25. d7 Rxd7 26. Rxd7 Qxd7 27. Rd1 Qg7 28. Bc4 Kf7 29.
Rd7+ Be7 30. Be2 Rh6 31. Qd1 Nf6 32. Rb7 g4 33. Bf2 h4 34. Qd8 Ng8 35. fxg4 Qf6
36. Qd7 f3 37. Bxf3 Qg5 38. Rxb6 Qc1+ 39. Qd1 Qxb2 40. g5 Bxg5 41. Be3 Bf6 42.
Bxh6 Nxh6 43. Qf1 Qxa3 44. Bg4 Kg7 45. Rxe6 1-0

[Event "Karpos Open 2013"]
[Site "Skopje MKD"]
[Date "2013.03.14"]
[Round "7.78"]
[White "Nikolovski, Nikola"]
[Black "Atanasov, Radislav"]
[Result "0-1"]
[WhiteElo "1965"]
[BlackElo "2147"]
[WhiteFideId "15002314"]
[BlackFideId "2901471"]
[EventDate "2013.03.09"]

1. e4 e5 2. Nf3 Nc6 3. d4 exd4 4. Bc4 Nf6 5. e5 d5 6. Bb5 Ne4 7. Nxd4 Bc5 8. Be3
O-O 9. Bxc6 bxc6 10. O-O Qe8 11. Nc3 Ba6 12. Re1 Rd8 13. Na4 Bb6 14. Nxb6 axb6
15. f3 Nc5 16. Bg5 Ra8 17. Nf5 Qe6 18. g4 h6 19. Bh4 Rfe8 20. Qd2 Nd7 21. f4 c5
22. h3 c4 23. Qg2 Rab8 24. Bg3 Bb7 25. Qh2 0-1

[Event "Karpos Open 2013"]
[Site "Skopje MKD"]
[Date "2013.03.14"]
[Round "7.80"]
[White "Gjorgjevski, Janco"]
[Black "Orehek, Spela"]
[Result "1-0"]
[WhiteElo "1909"]
[BlackElo "2062"]
[WhiteFideId "15001644"]
[BlackFideId "14605872"]
[EventDate "2013.03.09"]

1. c4 e5 2. Nc3 Nf6 3. Nf3 Nc6 4. g3 d5 5. cxd5 Nxd5 6. Bg2 Nb6 7. O-O Be7 8. a3
a5 9. d3 O-O 10. Be3 Be6 11. Na4 Nd5 12. Bc5 b5 13. Bxe7 Qxe7 14. Rc1 Nd4 15.
Nc5 c6 16. e3 Nxf3+ 17. Qxf3 Rfe8 18. Rc2 Rac8 19. Rfc1 Red8 20. Qe4 f6 21. Nxe6
Qxe6 22. d4 Qd6 23. Bh3 Rc7 24. dxe5 fxe5 25. Rc5 Rf8 26. Qg4 Rf6 27. Bg2 Ne7
28. Qe4 Nd5 29. Rxd5 cxd5 30. Qxd5+ Qxd5 31. Bxd5+ Kf8 32. Rxc7 Rd6 33. e4 1-0

[Event "Karpos Open 2013"]
[Site "Skopje MKD"]
[Date "2013.03.14"]
[Round "7.81"]
[White "Yildiz, Mustafa"]
[Black "Ilic, Slobodan R"]
[Result "1-0"]
[WhiteElo "1858"]
[BlackElo "2052"]
[WhiteFideId "6302998"]
[BlackFideId "941832"]
[EventDate "2013.03.09"]

1. e4 c5 2. Nf3 d6 3. d4 cxd4 4. Nxd4 Nf6 5. Nc3 a6 6. Be3 Nc6 7. f3 Qc7 8. Qd2
b5 9. g4 Nxd4 10. Bxd4 h6 11. O-O-O Bd7 12. Kb1 e6 13. h4 Be7 14. Bd3 b4 15. Ne2
e5 16. Be3 a5 17. g5 Ng8 18. f4 a4 19. fxe5 dxe5 20. Rhf1 hxg5 21. hxg5 Rd8 22.
Ng3 g6 23. Qf2 Rh7 24. Bb6 Qb7 25. Bxd8 Bxd8 26. Bc4 Bb5 27. Bxb5+ Qxb5 28. Rd5
Qb8 29. Qc5 Be7 30. Qc6+ Kf8 31. Qxg6 Rg7 32. Qf5 Bxg5 33. Qf2 Bh4 34. Qc5+ Be7
35. Qe3 Nf6 36. Rdd1 Ng4 37. Qe2 Nh6 38. Nf5 Nxf5 39. Rxf5 Qc7 40. Qh5 Qb6 41.
Qh8+ Rg8 42. Qxe5 f6 43. Qd5 Rg1 44. Rff1 Rg2 45. Qa8+ Kf7 46. Qxa4 Qc5 47. Qb3+
Kg7 48. Qd3 Bd6 49. c3 bxc3 50. Qxc3 1-0

[Event "Karpos Open 2013"]
[Site "Skopje MKD"]
[Date "2013.03.14"]
[Round "7.82"]
[White "Bozinovic, Boban"]
[Black "Nikolovska, Dragana"]
[Result "1-0"]
[WhiteTitle "CM"]
[WhiteElo "2051"]
[BlackElo "1821"]
[WhiteFideId "929697"]
[BlackFideId "15000133"]
[EventDate "2013.03.09"]

1. e4 c5 2. Nf3 d6 3. b3 Nf6 4. Nc3 g6 5. Bb2 Bg7 6. Bb5+ Bd7 7. Bxd7+ Nbxd7 8.
Qe2 O-O 9. h3 Qc7 10. O-O a6 11. a4 b6 12. Rfe1 Rfc8 13. d3 Qb7 14. Rab1 b5 15.
axb5 axb5 16. e5 dxe5 17. Nxe5 Nxe5 18. Qxe5 e6 19. Ne4 Ne8 20. Qf4 Ra2 21. Bxg7
Kxg7 22. Nxc5 Qd5 23. b4 Rxc2 24. Ra1 Ra8 25. Rxa8 Qxa8 26. Rxe6 Rxc5 27. Rxe8
Qxe8 28. bxc5 Qe1+ 29. Kh2 Qc3 30. d4 b4 31. Qe5+ Kh6 32. Qf4+ Kg7 33. Qe5+ Kh6
34. g4 Qf3 35. Qe3+ Qxe3 36. fxe3 b3 37. c6 b2 38. c7 b1=Q 39. c8=Q Qa2+ 40. Kg3
Kg7 41. Qc5 Qe2 42. Qe5+ Kg8 43. Qb8+ Kg7 44. Qf4 Qe1+ 45. Qf2 Qd1 46. g5 Qd3
47. h4 Qd1 48. Qf6+ Kg8 49. Qf3 1-0

[Event "Karpos Open 2013"]
[Site "Skopje MKD"]
[Date "2013.03.14"]
[Round "7.83"]
[White "Tairi, Krenar"]
[Black "Zemlicka, Vit"]
[Result "0-1"]
[WhiteElo "1835"]
[BlackElo "2043"]
[WhiteFideId "15001679"]
[BlackFideId "303143"]
[EventDate "2013.03.09"]

1. d4 Nf6 2. c4 g6 3. Nc3 Bg7 4. e4 d6 5. f3 O-O 6. Nge2 c5 7. d5 e6 8. Ng3 exd5
9. cxd5 a6 10. a4 Nbd7 11. Bg5 Qa5 12. Be2 Ne5 13. O-O h6 14. Be3 h5 15. Qd2 Nh7
16. Bh6 Qb4 17. Bxg7 Kxg7 18. h3 Bd7 19. b3 h4 20. Nh1 f5 21. f4 Nf7 22. Nf2 Nf6
23. Bf3 Rae8 24. Rfe1 Bc8 25. Rab1 Re7 26. exf5 Rxe1+ 27. Qxe1 gxf5 28. Bd1 Re8
29. Qd2 0-1

[Event "Karpos Open 2013"]
[Site "Skopje MKD"]
[Date "2013.03.14"]
[Round "7.84"]
[White "Markovski, Velo"]
[Black "Aksoy, Atilla"]
[Result "1/2-1/2"]
[WhiteElo "2042"]
[BlackElo "1791"]
[WhiteFideId "15002233"]
[BlackFideId "6332404"]
[EventDate "2013.03.09"]

1. e4 c5 2. Nf3 e6 3. c3 d5 4. e5 f6 5. d4 Nc6 6. Bb5 a6 7. Bxc6+ bxc6 8. exf6
Nxf6 9. Ne5 Bb7 10. Bg5 cxd4 11. cxd4 Bb4+ 12. Nc3 O-O 13. O-O Bd6 14. Ng4 Be7
15. Ne5 c5 16. Na4 cxd4 17. Qxd4 Rc8 18. Rac1 Qa5 19. b3 Rxc1 20. Rxc1 Ba3 21.
Bd2 Qb5 22. Be1 Ne4 23. Qe3 1/2-1/2

[Event "Karpos Open 2013"]
[Site "Skopje MKD"]
[Date "2013.03.14"]
[Round "7.85"]
[White "Cokreva, Gordana"]
[Black "Manelidou, Maria"]
[Result "0-1"]
[WhiteElo "1794"]
[BlackElo "2029"]
[WhiteFideId "15000400"]
[BlackFideId "4212240"]
[EventDate "2013.03.09"]

1. e4 e5 2. Nf3 Nc6 3. Bb5 a6 4. Ba4 d6 5. O-O Bd7 6. c3 g6 7. d3 Bg7 8. Be3
Nge7 9. Nbd2 O-O 10. Re1 Kh8 11. Nf1 f5 12. exf5 gxf5 13. Bg5 Qe8 14. Bxe7 Nxe7
15. Bxd7 Qxd7 16. Ng3 Rg8 17. Nh5 Raf8 18. Nxg7 Rxg7 19. Kh1 Rfg8 20. Rg1 Ng6
21. g3 Qc6 22. Rg2 Qb5 23. b3 Qc5 24. c4 Nf4 25. d4 exd4 26. Rg1 Nh3 27. Rf1 Qc6
28. Kg2 Ng5 29. Qd3 Nxf3 30. Qxf3 Qxf3+ 31. Kxf3 Re8 32. Rfe1 Rgg8 0-1

[Event "Karpos Open 2013"]
[Site "Skopje MKD"]
[Date "2013.03.14"]
[Round "7.87"]
[White "Zhezhov, Emil"]
[Black "Bejatovic, Bojana"]
[Result "0-1"]
[WhiteElo "1769"]
[BlackElo "2011"]
[WhiteFideId "15001318"]
[BlackFideId "15000141"]
[EventDate "2013.03.09"]

1. Nf3 Nf6 2. b3 d5 3. g3 c5 4. Bb2 Nc6 5. Bg2 Bf5 6. d3 e6 7. Nbd2 Bd6 8. a3 h6
9. e3 O-O 10. O-O Re8 11. Qe2 e5 12. Nh4 Bd7 13. e4 Nd4 14. Qd1 Bg4 15. Nhf3 Qd7
16. c3 Nc6 17. Qc2 Bh3 18. Rae1 Rad8 19. Kh1 Ne7 20. Ng1 Bxg2+ 21. Kxg2 Ng6 22.
f3 h5 23. Rf2 Bc7 24. Nf1 h4 25. Bc1 hxg3 26. hxg3 Qb5 27. Bg5 Qc6 28. Rfe2 dxe4
29. dxe4 c4 30. b4 Rd3 31. Nh3 Nh7 32. Be3 Red8 33. Nf2 Qf6 34. Qc1 R3d7 35. Nh2
Bb6 36. Nhg4 Qc6 37. Bxb6 Qxb6 38. Ne3 Ne7 39. Neg4 Qe6 40. Ne3 Nf6 41. Qc2 Nh5
42. Nf5 Qg6 43. Nxe7+ Rxe7 44. Ng4 Red7 45. Qc1 Rd3 46. Re3 Rd2+ 47. R1e2 Rd1
48. Qb2 Nf4+ 49. gxf4 exf4 50. Kf2 fxe3+ 51. Kxe3 Qg5+ 52. Kf2 R8d3 53. Kg2 R1d2 0-1